京浜急行バスの行先 - Statistics

General Stats
  • This quiz has been taken 130 times
  • The average score is 44 of 132
Answer Stats
Answer % Correct
横浜駅(東口)
87%
鎌倉駅
84%
川崎駅
79%
逗子駅
78%
三崎口駅
78%
上大岡駅
77%
横須賀駅
74%
三浦海岸駅
72%
蒲田駅
71%
金沢文庫駅(東口)
71%
金沢文庫駅(西口)
71%
大森駅
70%
金沢八景駅
69%
大船駅
68%
大井町駅(西口)
66%
杉田
63%
葉山
62%
京急久里浜駅
62%
城ヶ島
60%
磯子駅
59%
追浜駅
59%
江ノ島
58%
衣笠駅
57%
浦賀駅
57%
田浦駅
54%
三崎港
51%
YRP野比駅
51%
能見台駅
50%
三崎東岡
48%
杉田平和町
47%
羽田空港第1ターミナル
47%
洋光台駅
46%
汐入駅
44%
北久里浜駅
43%
羽田空港第2ターミナル
42%
京急富岡駅
41%
横須賀市民病院
41%
長井
41%
衣笠十字路
40%
観音崎
40%
堀内
39%
森ヶ崎
38%
羽田車庫
38%
天空橋駅
37%
六浦駅
37%
ハイランド
36%
ソレイユの丘
34%
JR久里浜駅
34%
南高校
32%
鎌倉山
32%
追浜車庫前
32%
安浦二丁目
32%
馬堀海岸
32%
浜諸磯
32%
大森東五丁目
31%
堀内駅
31%
柴町
30%
東京湾フェリー
30%
三信住宅
29%
夏島
29%
通り矢
29%
梶原
28%
佐島マリーナ入口
28%
整備場
27%
六郷神社
27%
内川橋
27%
荒崎
27%
剱崎
27%
レジャーランド平和島
26%
六郷橋
26%
大師橋下
26%
能見台車庫前
26%
野村住宅センター
26%
小坪
26%
野比海岸
26%
油壺温泉
26%
東糀谷六丁目
24%
横浜氷取沢高校
24%
葉桜
24%
通信研究所
24%
釜利谷高校
23%
金沢動物園
23%
大塔宮
23%
緑ヶ丘入口
23%
グリーンヒル
23%
南郷中学校
23%
三戸海岸
23%
湘南佐島なぎさの丘
22%
湘南山手
22%
三浦市立病院
22%
イトーピア中央公園
21%
電力中央研究所
21%
かもめ団地
21%
大森車庫
20%
氷取沢
20%
関東学院大学金沢文庫キャンパス
20%
八景台住宅
20%
湘南国際村センター前
20%
住友重機械
20%
大楠芦名口
20%
防衛大学校
20%
高舟台
19%
八景島駅歩道橋
19%
桔梗山
19%
鎌倉霊園正門前太刀洗
19%
山王台小学校
18%
野村住宅南口
18%
富岡9期ニュータウン
18%
日産研究所
17%
観音崎自然博物館
17%
鎌倉駅西口
16%
葉山福祉文化会館
16%
長瀬二丁目
16%
宮田
16%
光の丘2番
16%
大田スタジアム
14%
千代ヶ崎
14%
エステシティ3号棟
14%
山の上ロータリー
12%
浜小学校前
11%
浦賀丘三丁目公園
11%
久里浜医療センター
11%
森崎リアンシティ
11%
ニフコ
11%
パークタウン入口
10%
YRPセンター
10%
六浦南五丁目
9%
鎌倉中央公園
9%
住友重機械正門
9%
片吹公園西口
8%
鶴久保小学校
8%
大平山公園
1%
No matching quizzes found
Score Distribution
Percent of People with Each Score
Percentile by Number Answered
Your Score History
You have not taken this quiz